000
00311nam a22001337a 4500
008
180924b xxu||||| |||| 00| 0 eng d
020
_a
082618320
041
_a
eng
080
_a
159.9
100
_a
48
101
_a
PSI
245
_a
Key words in psychosocial rehabilitation
_c
Elsenberg,M.G
942
_2
udc
_c
BK
999
_c
48319
_d
48319